Statistiche per Cultura generale dalla a-z: Medio

Clicka qui per fare il quiz!

Statistiche generali

  • Questo quiz è stato fatto 148 volte
  • Il punteggio medio è 13 su 26

Statistiche sulle risposte

DomandaRisposta% Corretto
"_______ abbiamo un problema" - Jack Swigert, pilota dell'Apollo 13HHouston
90%
Portiere che ha parato il rigore decisivo agli Europei nel 2021 contro l'InghilterraDDonnarumma
86%
Immanuel ____, filosofo illuminista tedescoKKant
82%
La formula per calcolare la sua area è il suo lato alla secondaQQuadrato
79%
Pasta molto simile a dei lunghi spaghetti foratiBBucatini
78%
All'interno di questa scatola si infilano le schede di una votazioneUUrna
77%
Bevanda energetica simile alla Power AdeGGatorade
75%
Il prefisso dell'acquaIIdro
72%
Viene rimossa dallo spazzacaminoFFuliggine
67%
Il numero 9 del Napoli (stagione 2022-2023)OOsimhen
61%
Seminare _________, spargere discordiaZZizzania
57%
Nell'universo di Star Wars, il materiale delle lame delle spade dei JediLLaser
56%
Azienda cinese famose per la produzione di smartphoneXXiaomi
55%
I collegamenti tra le cellule nervoseSSinapsi
49%
Piccolo stato degli Stati Uniti famoso per i suoi grandi boschiVVermont
47%
Assieme a Pompeo e Cesare formò il primo TriumviratoCCrasso
46%
Edifici preistorici costruiti a secco caratteristici della SardegnaNNuraghe
44%
Prestigiosa università situata in ConnecticutYYale
41%
Misurare il peso delle parolePPonderare
37%
Il protagonista di questo film è Alan Parrish, interpretato da Robin WilliamsJJumanji
36%
Un procedimento sistematico di calcoloAAlgoritmo
29%
È il più grande e antico castello che è attualmente abitatoWWindsor castle
25%
Parola tipica emiliana per indicare un ammasso di cose disordinateMMappazzone
19%
Giusto in tedescoRRichtig
17%
Lo è qualcuno che si è macchiato di terribili criminiEEmpio
7%
Un vetro che fa vedere le immagine dietro di esso, ma con i tratti molto sfocatiTTraslucido
7%

Distribuzione punteggi

Percentile per numero di risposta

Percentuale di utenti per punteggio

I tuoi punteggi nel tempo

Non hai fatto questo quiz